Statistiques concernant QSMP parents and eggs

Cliquez ici pour prendre le quiz!

Statistiques générales

  • Ce quiz a été pris 236 fois
    (28 depuis la dernière actualisation)
  • Le résultat moyen est 12 sur 15

Statistiques - réponses

ParentsEggs% Correct
Antoine, Pierre, Baghera, Kameto & Etoiles (& Bad)Pomme
100%
Roier & Jaiden
Bobby
92%
BadDapper
92%
Phil & Missa
Chayanne
88%
Cellbit, Felps, Forever, Mike & Pac (& Roier)Richarlyson
84%
Tubbo, Lenay, Pol & CharlieSunny
84%
Wilbur (& Phil)Tallulah
84%
Quackity (& Luzu)Tilin
84%
No one really just green goopGegg
80%
Foolish & VegettaLeonarda
80%
Dan & MaximusTrump
80%
Charlie & MarianaJuanaflippa
76%
Carre, Mariana,Quackity, Rivers & RoierPepito
76%
Fit & SpreenRamon
76%
Jaiden, Bagi, Niki, Mouse &TinaEmpenada
28%

Distribution des résultats

Percentile par nombre de réponses

% des personnes avec chaque résultat

Votre développement - résultats

Vous n’avez pas pris ce quiz depuis la dernière actualisation